Embracing your big fat ass
| Main Author: | |
|---|---|
| Other Authors: | |
| Format: | Book |
| Published: |
New York :
Atria Books ,
2008
|
| Subjects: |
MARC
| LEADER | 00000cam a2200000 7i4500 | ||
|---|---|---|---|
| 001 | 0000123774 | ||
| 005 | 20080903.0 | ||
| 020 | |a 1416542795 | ||
| 090 | 0 | 0 | |a 613.25 |b BAN |
| 100 | 1 | |a Banks, Laura | |
| 245 | 1 | 0 | |a Embracing your big fat ass |c Laura Banks and Janette Barber |
| 260 | |a New York : |b Atria Books , |c 2008 | ||
| 300 | |a 256p. ; |c 21cm. | ||
| 650 | 0 | 0 | |a Body image in women |
| 650 | 0 | 0 | |a Buttocks |x Humor |
| 650 | 0 | 0 | |a Weight loss |
| 700 | 1 | |a Barber, Janette | |
| 999 | |a 00218952 |b BUKU |c PINJAMAN |e PERPUSTAKAAN KOMUNITI PETALING JAYA | ||